[Event "BAN-chT 1st League"]
[Site "Dhaka"]
[Date "2022.03.14"]
[Round "5.1"]
[White "Rahman, Farhadur"]
[Black "Shah Mahfuzul, Karim"]
[Result "1/2-1/2"]
[WhiteElo "1946"]
[BlackElo "1875"]
[PlyCount "117"]
[EventDate "2022.03.10"]
[EventType "team-tourn"]
[EventRounds "11"]
[EventCountry "BAN"]
[SourceTitle "EXT 2023"]
[Source "ChessBase"]
[SourceDate "2022.10.05"]
[SourceVersion "1"]
[SourceVersionDate "2022.10.05"]
[SourceQuality "1"]
[WhiteTeam "Sangbadik Shahnoor Khan"]
[BlackTeam "Kasparov CC"]
[WhiteTeamCountry "BAN"]
[BlackTeamCountry "BAN"]

1. e4 c5 2. c3 d5 3. e5 Nc6 4. d4 cxd4 5. cxd4 Qb6 6. Nc3 e6 7. a3 Bd7 8. Nf3 Na5 9. b4 Nc4 10. Na4 Qc7 11. Nc5 b5 12. Bd3 Bc6 13. Bc2 a5 14. Bf4 a4 15. 0-0 h6 16. Re1 g5 17. Bg3 Ne7 18. h3 Nc8 19. Nh2 h5 20. h4 gxh4 21. Bxh4 Be7 22. Nf3 Bxh4 23. Nxh4 Qe7 24. g3 N8b6 25. Qf3 0-0-0 26. Bd3 Rdg8 27. Kh2 Rg4 28. Bxc4 Nxc4 29. Qf6 Qxf6 30. exf6 Rxd4 31. Nxe6 Rxh4+ 32. gxh4 fxe6 33. Rxe6 Bd7 34. Re7 Rf8 35. Rd1 Nb6 36. Rc1+ Kd8 37. Rh7 Rxf6 38. Kg3 Rf5 39. Rh8+ Ke7 40. Rh7+ Kd6 41. Rh6+ Be6 42. Rxe6+ Kxe6 43. Rc6+ Kd7 44. Rxb6 d4 45. f4 d3 46. Kf3 Rxf4+ 47. Ke3 Rd4 48. Kd2 Kc7 49. Rxb5 Rxh4 50. Ra5 Kb6 51. Kxd3 Rh3+ 52. Kc2 Rxa3 53. Rxh5 Rb3 54. Rh4 Kb5 55. Rg4 Rh3 56. Kb2 Rh2+ 57. Ka3 Rh3+ 58. Kb2 Rh2+ 59. Ka3 1/2-1/2

[Event "BAN Walton 1st League"]
[Site "Dhaka"]
[Date "2018.10.26"]
[Round "2.2"]
[White "Shah Mahfuzul, Karim"]
[Black "Gias Uddin, Ahmed"]
[Result "0-1"]
[WhiteElo "1956"]
[BlackElo "2003"]
[PlyCount "122"]
[EventDate "2018.10.25"]
[EventType "team-tourn"]
[EventRounds "11"]
[EventCountry "BAN"]
[SourceTitle "CBM 187 Extra"]
[Source "ChessBase"]
[SourceDate "2018.11.04"]
[SourceVersion "1"]
[SourceVersionDate "2018.11.04"]
[SourceQuality "1"]
[WhiteTeam "Kasparov CC"]
[BlackTeam "Leonine CC"]
[WhiteTeamCountry "BAN"]
[BlackTeamCountry "BAN"]

1. e4 g6 2. d4 Bg7 3. Nf3 d6 4. Bd3 e5 5. dxe5 dxe5 6. 0-0 h6 7. Nc3 Be6 8. Be3 Nd7 9. Qe2 c6 10. Rfd1 Qe7 11. a3 Ngf6 12. h3 Nh5 13. Bc4 Bxc4 14. Qxc4 0-0 15. Qd3 Nb6 16. Bxb6 axb6 17. Qd6 Qxd6 18. Rxd6 Nf4 19. Rd7 Rfb8 20. Rad1 Ne6 21. g3 b5 22. Kf1 Ra6 23. Ne2 Ra4 24. Nc3 Rc4 25. Nd2 Rd4 26. Nb3 Rxd1+ 27. Rxd1 Nd4 28. Nxd4 exd4 29. Ne2 c5 30. Nf4 Re8 31. f3 Kf8 32. g4 Ke7 33. Nd5+ Kd6 34. c3 Kc6 35. cxd4 Bxd4 36. Rd2 f5 37. Nb4+ Kb6 38. Nc2 Bxb2 39. Rd6+ Ka5 40. exf5 gxf5 41. Rxh6 fxg4 42. hxg4 Ka4 43. Rh7 Kb3 44. Ne1 Bxa3 45. Rxb7 b4 46. g5 c4 47. g6 Bc1 48. Ng2 c3 49. Ne1 Bd2 50. Nd3 c2 51. Rc7 Bc3 52. Kf2 Rd8 53. g7 Rg8 54. Nc1+ Kb2 55. Nd3+ Kb1 56. Ke3 Rxg7 57. Rc4 Re7+ 58. Kf2 c1Q 59. Nxc1 Kxc1 60. f4 Kc2 61. Kf3 b3 0-1

[Event "BAN Marcel 1st Div"]
[Site "Dhaka"]
[Date "2018.01.06"]
[Round "8.2"]
[White "Shah Mahfuzul, Karim"]
[Black "Ghosh, Chanchal Kumer"]
[Result "1-0"]
[WhiteElo "1936"]
[BlackElo "2176"]
[PlyCount "175"]
[EventDate "2017.12.30"]
[EventType "team-tourn"]
[EventRounds "9"]
[EventCountry "BAN"]
[SourceTitle "CBM 182 Extra"]
[Source "ChessBase"]
[SourceDate "2018.02.23"]
[SourceVersion "1"]
[SourceVersionDate "2018.02.23"]
[SourceQuality "1"]
[WhiteTeam "Basir Memorial CC"]
[BlackTeam "Janata Bank Officer Welfare"]
[WhiteTeamCountry "BAN"]
[BlackTeamCountry "BAN"]

1. e4 c6 2. d4 d6 3. c4 g6 4. Nc3 Bg7 5. Be3 Nf6 6. h3 0-0 7. Qd2 e5 8. d5 Na6 9. g4 cxd5 10. cxd5 b6 11. Nge2 Nc5 12. Ng3 a5 13. g5 Ne8 14. f3 f5 15. Bxc5 bxc5 16. h4 fxe4 17. fxe4 Bg4 18. Be2 Qd7 19. 0-0-0 Nc7 20. h5 Rf4 21. hxg6 hxg6 22. Rdg1 Raf8 23. Bxg4 Rxg4 24. Qh2 Rf3 25. Nge2 Rxg1+ 26. Qxg1 Qf7 27. Qg4 Rf2 28. Nd1 Rf3 29. a4 Bf8 30. Qc8 Qe7 31. Kb1 Rf7 32. Qh3 Rh7 33. Qxh7+ Qxh7 34. Rxh7 Kxh7 35. Ng1 Be7 36. Nf3 Na8 37. Ne3 Nb6 38. b3 Bd8 39. Kc2 Kg7 40. Kd3 Kf7 41. Nc4 Nc8 42. Ke2 Ke7 43. Kf2 Kf7 44. Kg3 Bc7 45. Kg4 Ke8 46. Nfd2 Kd7 47. Na3 Nb6 48. Ndc4 Nxc4 49. Nxc4 Bd8 50. Nd2 Ke8 51. Nf3 Be7 52. Kg3 Kd7 53. Kf2 Kc7 54. Ke2 c4 55. bxc4 Kb6 56. Kd3 Kc5 57. Kc3 Bd8 58. Nh4 Bxg5 59. Nxg6 Bh6 60. Ne7 Be3 61. Nc6 Bf2 62. Nd8 Be1+ 63. Kd3 Bb4 64. Ne6+ Kb6 65. Ke2 Kb7 66. Kf3 Kc8 67. Kg4 Kd7 68. Kg5 Ke7 69. Kg6 Ba3 70. Ng7 Bb4 71. Nf5+ Kd7 72. Kf7 Bc5 73. Nh6 Ba3 74. Ng4 Kc7 75. Ke6 Kb6 76. Nf6 Kc5 77. Ne8 Kb4 78. c5 Kxc5 79. Nxd6 Bc1 80. Nf7 Kb4 81. d6 Be3 82. d7 Bb6 83. d8Q Bxd8 84. Nxd8 Kxa4 85. Nc6 Kb5 86. Nxa5 Kxa5 87. Kxe5 Kb6 88. Kd6 1-0

[Event "BAN Marcel 1st Div"]
[Site "Dhaka"]
[Date "2018.01.04"]
[Round "6.2"]
[White "Shah Mahfuzul, Karim"]
[Black "Khan, Moniruzzaman"]
[Result "0-1"]
[WhiteElo "1936"]
[BlackElo "1981"]
[PlyCount "138"]
[EventDate "2017.12.30"]
[EventType "team-tourn"]
[EventRounds "9"]
[EventCountry "BAN"]
[SourceTitle "CBM 182 Extra"]
[Source "ChessBase"]
[SourceDate "2018.02.23"]
[SourceVersion "1"]
[SourceVersionDate "2018.02.23"]
[SourceQuality "1"]
[WhiteTeam "Basir Memorial CC"]
[BlackTeam "Agrani Bank Daba Dal"]
[WhiteTeamCountry "BAN"]
[BlackTeamCountry "BAN"]

1. e4 c5 2. Nf3 d6 3. d4 cxd4 4. Nxd4 a6 5. Bc4 Nf6 6. Nc3 e5 7. Nf3 h6 8. 0-0 Be7 9. h3 Nc6 10. a3 0-0 11. Re1 Be6 12. Nd5 Bxd5 13. Bxd5 Nxd5 14. Qxd5 Rc8 15. Be3 Qc7 16. b3 Nd8 17. c4 Ne6 18. Rac1 Qc6 19. b4 Nc7 20. Qxc6 bxc6 21. a4 Rb8 22. Rb1 f6 23. Rec1 Rb7 24. Nh4 Rfb8 25. Bd2 d5 26. cxd5 cxd5 27. Ng6 Bd8 28. exd5 Nxd5 29. Rc6 a5 30. b5 Rd7 31. Rc2 Bb6 32. Rbc1 Kf7 33. Nh4 Ne7 34. Be3 e4 35. Bxb6 Rxb6 36. g4 Rd4 37. Rc4 Rbd6 38. Kf1 g6 39. Ke1 Ke6 40. Ng2 f5 41. gxf5+ gxf5 42. Ne3 f4 43. Ng2 Ke5 44. Rc5+ Nd5 45. Ra1 Rd3 46. Rd1 Rxd1+ 47. Kxd1 Kd4 48. Rc6 Rxc6 49. bxc6 Kc5 50. Kc2 Kd6 51. Kb3 Kxc6 52. Nh4 Kc5 53. Nf5 h5 54. Nh4 Kd4 55. Kc2 Ne7 56. f3 Ke3 57. fxe4 Kxe4 58. Kd2 f3 59. Ke1 Nf5 60. Nxf5 Kxf5 61. Kf1 Ke4 62. Kg1 Ke3 63. Kf1 Kf4 64. Kf2 h4 65. Kf1 Kg3 66. Kg1 Kxh3 67. Kh1 Kg3 68. Kg1 h3 69. Kh1 Kf2 0-1

[Event "Dhaka Powertec op-B"]
[Site "Dhaka"]
[Date "2017.07.20"]
[Round "6"]
[White "Sultana, Zakia"]
[Black "Shah Mahfuzul, Karim"]
[Result "1/2-1/2"]
[WhiteElo "1835"]
[BlackElo "1963"]
[PlyCount "117"]
[EventDate "2017.07.15"]
[EventType "swiss"]
[EventRounds "9"]
[EventCountry "BAN"]
[SourceTitle "EXT 2018"]
[Source "ChessBase"]
[SourceDate "2017.10.13"]
[SourceVersion "1"]
[SourceVersionDate "2017.10.13"]
[SourceQuality "1"]

1. d4 Nf6 2. c4 g6 3. g3 Bg7 4. Bg2 0-0 5. Nf3 c6 6. Nc3 d5 7. cxd5 cxd5 8. 0-0 Nc6 9. e3 Bg4 10. h3 Bxf3 11. Bxf3 e6 12. b3 Re8 13. Bb2 Nd7 14. Bg2 f5 15. Rc1 Nf6 16. Na4 Rc8 17. Nc5 b6 18. Nd3 Bf8 19. a3 Ne4 20. Re1 Bd6 21. Re2 Qd7 22. Rec2 Ne7 23. Rxc8 Rxc8 24. Bf1 Rxc1 25. Qxc1 Qc6 26. Qxc6 Nxc6 27. b4 Nd2 28. Be2 Nc4 29. Bc1 a6 30. Ne1 b5 31. Nc2 Kf7 32. Kg2 a5 33. bxa5 N6xa5 34. Bxc4 Nxc4 35. Kf1 g5 36. Ke2 h5 37. Kd3 Ke7 38. Kc3 Kd7 39. Kb3 g4 40. h4 Kc6 41. Ne1 Na5+ 42. Kc2 Nc4 43. Kb3 Kb6 44. Nd3 Be7 45. Nf4 Na5+ 46. Ka2 b4 47. axb4 Bxb4 48. Nxh5 Be1 49. Nf4 Bxf2 50. h5 Nc6 51. h6 Nd8 52. h7 Nf7 53. Ne2 Kc6 54. Kb3 Kd6 55. Ba3+ Kd7 56. Bf8 Bxe3 57. Bg7 Bf2 58. h8Q Nxh8 59. Bxh8 1/2-1/2